[Event "Rio de Janeiro op 04"]
[Site "Rio de Janeiro"]
[Date "2023.04.29"]
[Round "2"]
[White "Rangel, Daniel"]
[Black "Santos Filho, Tadeu Souza"]
[Result "0-1"]
[WhiteElo "2193"]
[BlackElo "1986"]
[PlyCount "130"]
[EventDate "2023.04.29"]
[EventType "swiss"]
[EventRounds "6"]
[EventCountry "BRA"]
[SourceTitle "CBM 214 Extra"]
[Source "ChessBase"]
[SourceDate "2023.07.31"]
[SourceVersion "1"]
[SourceVersionDate "2023.07.31"]
[SourceQuality "1"]

1. c4 e6 2. d4 d5 3. cxd5 exd5 4. Nc3 c6 5. Qc2 Bd6 6. Nf3 h6 7. e3 Nf6 8. Bd3 0-0 9. Bd2 Re8 10. h3 a5 11. a3 Qe7 12. 0-0 Nbd7 13. Rae1 Ne4 14. Bc1 Ndf6 15. Nd2 Bc7 16. f4 Bf5 17. Ndxe4 Bxe4 18. Nxe4 Nxe4 19. Bxe4 Qxe4 20. Qb3 Rab8 21. Bd2 Re6 22. Rf3 Rg6 23. Kh1 f5 24. Rc1 Kf7 25. a4 Rf6 26. Qc2 Qxc2 27. Rxc2 Ke6 28. Rf1 Kd7 29. g4 fxg4 30. hxg4 g5 31. Bc1 gxf4 32. exf4 Re8 33. b3 Re4 34. Rg2 Bb6 35. f5 Bxd4 36. Kh2 Be3 37. Bxe3 Rxe3 38. Rg3 Re2+ 39. Rg2 Rxg2+ 40. Kxg2 Kd6 41. Kg3 d4 42. Rd1 c5 43. Re1 Kd7 44. Rh1 Ke7 45. Kf4 Rb6 46. Rh3 Kf7 47. Ke5 Ke7 48. g5 hxg5 49. Rh7+ Kf8 50. f6 Rxb3 51. Kf5 Rf3+ 52. Kg6 Ke8 53. Rxb7 d3 54. f7+ Rxf7 55. Rb8+ Ke7 56. Rb7+ Ke8 57. Rb8+ Ke7 58. Rb7+ Ke6 59. Rb6+ Ke5 60. Kxf7 d2 61. Re6+ Kf4 62. Rd6 Ke3 63. Re6+ Kd3 64. Rd6+ Kc2 65. Rd5 c4 0-1

[Event "Rio de Janeiro Duchamp op 4th"]
[Site "Rio de Janeiro"]
[Date "2022.12.12"]
[Round "7"]
[White "Santos Filho, Tadeu Souza"]
[Black "Araujo, Barbara Ribeiro"]
[Result "1-0"]
[WhiteElo "2018"]
[BlackElo "1533"]
[PlyCount "47"]
[EventDate "2022.12.07"]
[EventType "swiss"]
[EventRounds "9"]
[EventCountry "BRA"]
[SourceTitle "CBM 211 Extra"]
[Source "ChessBase"]
[SourceDate "2023.01.31"]
[SourceVersion "1"]
[SourceVersionDate "2023.01.31"]
[SourceQuality "1"]

1. e4 c5 2. Nf3 g6 3. Bc4 Nc6 4. 0-0 Bg7 5. c3 e6 6. Re1 Nge7 7. Bb5 0-0 8. d4 cxd4 9. cxd4 d5 10. e5 Nf5 11. Bxc6 bxc6 12. b3 Qb6 13. Nc3 f6 14. Ba3 Re8 15. Na4 Qa6 16. Rc1 Rb8 17. exf6 Bxf6 18. Ne5 Bxe5 19. Rxe5 Bb7 20. Qd2 Bc8 21. h4 Nxh4 22. Qf4 Nf5 23. Rxf5 Rb7 24. Rf8+ 1-0

[Event "Niteroi op 2nd"]
[Site "Niteroi"]
[Date "2022.09.06"]
[Round "8"]
[White "Moyses Sobrinho, Elias"]
[Black "Santos Filho, Tadeu Souza"]
[Result "1/2-1/2"]
[WhiteElo "1801"]
[BlackElo "2024"]
[PlyCount "149"]
[EventDate "2022.09.01"]
[EventType "swiss"]
[EventRounds "9"]
[EventCountry "BRA"]
[SourceTitle "EXT 2024"]
[Source "ChessBase"]
[SourceDate "2023.10.10"]
[SourceVersion "1"]
[SourceVersionDate "2023.10.10"]
[SourceQuality "1"]

1. d4 d5 2. c4 e6 3. Nc3 Nf6 4. Nf3 a6 5. e3 dxc4 6. Bxc4 b5 7. Bd3 Bb7 8. 0-0 Nbd7 9. Qc2 c5 10. Ne4 Rc8 11. Nxf6+ Nxf6 12. Qe2 cxd4 13. exd4 Be7 14. Be3 0-0 15. h3 Qd5 16. a4 bxa4 17. Rxa4 a5 18. Rfa1 Bb4 19. Bd2 Qb3 20. Bxb4 axb4 21. Qe3 Bd5 22. R4a2 h6 23. Nd2 Rc1+ 24. Rxc1 Qxa2 25. b3 Qa8 26. f3 Qa3 27. Nc4 Qa7 28. Be4 Rd8 29. Bxd5 Nxd5 30. Qf2 Nc3 31. Rc2 Qxd4 32. Qxd4 Rxd4 33. Rd2 Kf8 34. Rxd4 Ne2+ 35. Kf2 Nxd4 36. Nd2 Ke7 37. Ke3 Nc2+ 38. Ke4 Kd6 39. g4 f6 40. f4 Na3 41. h4 Nb5 42. g5 f5+ 43. Kd3 Kc5 44. gxh6 gxh6 45. Nf3 h5 46. Ne5 Nd6 47. Nd7+ Kc6 48. Nf6 Kc5 49. Nxh5 Nf7 50. Ng7 Kd5 51. h5 Nh6 52. Ne8 e5 53. Nf6+ Ke6 54. fxe5 Kxe5 55. Nd7+ Kf4 56. Kc4 Kg5 57. Kxb4 Kxh5 58. Kc4 Kg4 59. Kd5 f4 60. Nf6+ Kg5 61. Ne4+ Kg4 62. b4 Nf7 63. b5 f3 64. b6 Nd8 65. Kd6 Kf4 66. Kd7 Kxe4 67. Kxd8 f2 68. b7 f1Q 69. b8Q Qf8+ 70. Kc7 Qf4+ 71. Kb7 Qf7+ 72. Qc7 Qb3+ 73. Qb6 Qd5+ 74. Qc6 Qxc6+ 75. Kxc6 1/2-1/2

[Event "Niteroi op 2nd"]
[Site "Niteroi"]
[Date "2022.09.04"]
[Round "5"]
[White "Santos Filho, Tadeu Souza"]
[Black "Pires, Marcos Vinicius Tor"]
[Result "0-1"]
[WhiteElo "2024"]
[BlackElo "2262"]
[PlyCount "120"]
[EventDate "2022.09.01"]
[EventType "swiss"]
[EventRounds "9"]
[EventCountry "BRA"]
[SourceTitle "CBM 210 Extra"]
[Source "ChessBase"]
[SourceDate "2022.11.30"]
[SourceVersion "1"]
[SourceVersionDate "2022.11.30"]
[SourceQuality "1"]

1. d4 d5 2. Nf3 Nf6 3. Bf4 c6 4. e3 Qb6 5. Qc1 Bf5 6. Bd3 Bxd3 7. cxd3 Nbd7 8. 0-0 Nh5 9. Be5 f6 10. Bg3 e6 11. Nc3 Nxg3 12. hxg3 Bd6 13. Re1 0-0 14. e4 Rae8 15. Qc2 Re7 16. Rac1 Rfe8 17. a3 a5 18. Re2 Qa6 19. Rce1 Qa7 20. Qb3 Nb6 21. Rd1 a4 22. Qa2 Qa5 23. Rb1 Ra8 24. Rc1 Ree8 25. Rec2 Nd7 26. Ne2 Qb6 27. g4 Nf8 28. g3 Qc7 29. Kg2 Qf7 30. Nh4 Ra5 31. Rd1 Ng6 32. Nf3 Ne7 33. Nh4 g5 34. Nf3 Qg6 35. Nd2 h5 36. f3 hxg4 37. fxg4 Kg7 38. Rh1 Raa8 39. Rcc1 Rh8 40. Qb1 Bc7 41. Nf3 Rad8 42. Qc2 Nc8 43. Nc3 Nb6 44. Rce1 Rxh1 45. Rxh1 dxe4 46. dxe4 Nc4 47. Qe2 b5 48. Re1 Bb6 49. Nxa4 Bxd4 50. Nc3 Ne3+ 51. Kh1 Rh8+ 52. Nh2 Bxc3 53. bxc3 Qh7 54. Kg1 Qh3 55. Qxe3 Qxh2+ 56. Kf1 Rh3 57. Qa7+ Kg6 58. Qd7 Qh1+ 59. Ke2 Rh2+ 60. Kd1 Qf3+ 0-1

[Event "Copacabana Rio Masters"]
[Site "Copacabana"]
[Date "2022.05.14"]
[Round "5"]
[White "Aranha Filho, Alvaro Zimmermann"]
[Black "Santos Filho, Tadeu Souza"]
[Result "1/2-1/2"]
[WhiteElo "2226"]
[BlackElo "2016"]
[PlyCount "84"]
[EventDate "2022.05.10"]
[EventType "swiss"]
[EventRounds "6"]
[EventCountry "BRA"]
[SourceTitle "CBM 208 Extra"]
[Source "ChessBase"]
[SourceDate "2022.07.31"]
[SourceVersion "1"]
[SourceVersionDate "2022.07.31"]
[SourceQuality "1"]

1. d4 d5 2. c4 e6 3. Nc3 a6 4. e3 Nf6 5. Nf3 c5 6. a3 dxc4 7. Bxc4 b5 8. Bd3 Bb7 9. 0-0 Nbd7 10. Qe2 cxd4 11. exd4 Be7 12. Rd1 0-0 13. Ne5 Nb6 14. Bg5 Nbd5 15. Bd2 Nxc3 16. bxc3 Qd5 17. f3 Rfc8 18. Re1 Qd8 19. Kh1 Nd5 20. Nxf7 Kxf7 21. Qxe6+ Kf8 22. Bxh7 Nf6 23. Bg6 Bd5 24. Qh3 Bf7 25. Bf5 Rc7 26. Bf4 Rxc3 27. Be5 Ng8 28. d5 Bf6 29. Be6 Bxe5 30. Bxf7 Kxf7 31. Qe6+ Kf8 32. Qxe5 Rc5 33. Qf4+ Qf6 34. Qb4 Qd6 35. Re6 Qxd5 36. Qf4+ Nf6 37. Rxf6+ gxf6 38. Qxf6+ Qf7 39. Qh8+ Qg8 40. Qf6+ Qf7 41. Qh8+ Qg8 42. Qf6+ Qf7 1/2-1/2

[Event "Rio de Janeiro Estadual-ch"]
[Site "Rio de Janeiro"]
[Date "2021.11.15"]
[Round "5"]
[White "Santos Filho, Tadeu Souza"]
[Black "Santos, Rafael Ventura Dos"]
[Result "1-0"]
[WhiteElo "1983"]
[BlackElo "2203"]
[PlyCount "45"]
[EventDate "2021.11.13"]
[EventType "swiss"]
[EventRounds "6"]
[EventCountry "BRA"]
[SourceTitle "CBM 205 Extra"]
[Source "ChessBase"]
[SourceDate "2022.01.31"]
[SourceVersion "1"]
[SourceVersionDate "2022.01.31"]
[SourceQuality "1"]

1. e4 c5 2. Nf3 d6 3. Bb5+ Nd7 4. Ba4 Ngf6 5. 0-0 Nxe4 6. Re1 Nef6 7. d4 cxd4 8. Nxd4 g6 9. Nb5 e6 10. Bf4 Nb6 11. Nxd6+ Ke7 12. Nc3 Nxa4 13. Nxa4 Qa5 14. b3 Bg7 15. Nc4 Qd8 16. Bd6+ Ke8 17. Qf3 Bf8 18. Be5 Be7 19. Rad1 Bd7 20. Bxf6 Bxf6 21. Nc5 Be7 22. Nxd7 Qc7 23. Qc3 1-0

[Event "Rio de Janeiro Estadual-ch"]
[Site "Rio de Janeiro"]
[Date "2021.11.14"]
[Round "3"]
[White "Santos Filho, Tadeu Souza"]
[Black "Lima, Stefan Moisei Vieir"]
[Result "1-0"]
[WhiteElo "1983"]
[BlackElo "1592"]
[PlyCount "79"]
[EventDate "2021.11.13"]
[EventType "swiss"]
[EventRounds "6"]
[EventCountry "BRA"]
[SourceTitle "CBM 205 Extra"]
[Source "ChessBase"]
[SourceDate "2022.01.31"]
[SourceVersion "1"]
[SourceVersionDate "2022.01.31"]
[SourceQuality "1"]

1. e4 c5 2. Ne2 d6 3. g3 g6 4. Bg2 Bg7 5. 0-0 e6 6. c3 Ne7 7. d4 cxd4 8. cxd4 0-0 9. Nbc3 b6 10. e5 Nbc6 11. d5 Nxe5 12. f4 Ng4 13. h3 Nf6 14. dxe6 Bxe6 15. Bxa8 Qxa8 16. Kh2 h5 17. Nd4 h4 18. g4 Bc4 19. Re1 Qb7 20. Be3 Ne4 21. Nxe4 Qxe4 22. Qf3 Bd5 23. Qxe4 Bxe4 24. Bf2 d5 25. Rac1 g5 26. f5 Nc8 27. Kg1 Be5 28. b3 Kg7 29. Be3 Nd6 30. Red1 Bf6 31. Rc7 Kg8 32. Rd7 Be5 33. Bxg5 f6 34. Be3 Rc8 35. Ne2 Nf7 36. Rc1 Re8 37. Kf2 Ng5 38. Bxg5 fxg5 39. Rc6 Bd3 40. Re6 1-0

[Event "Rio de Janeiro Duchamp op 3rd"]
[Site "Rio de Janeiro"]
[Date "2019.12.07"]
[Round "1"]
[White "Santos Filho, Tadeu Souza"]
[Black "Camporez da Silva, Beatriz"]
[Result "1-0"]
[WhiteElo "2016"]
[BlackElo "1303"]
[PlyCount "69"]
[EventDate "2019.12.07"]
[EventType "swiss"]
[EventRounds "9"]
[EventCountry "BRA"]
[SourceTitle "EXT 2021"]
[Source "ChessBase"]
[SourceDate "2020.10.23"]
[SourceVersion "1"]
[SourceVersionDate "2020.10.23"]
[SourceQuality "1"]

1. d4 d5 2. Bf4 Nf6 3. e3 a6 4. Nd2 Bf5 5. Ngf3 Nc6 6. h3 e6 7. g4 Bg6 8. Nh4 Bb4 9. Nxg6 fxg6 10. Bg2 Qd7 11. Bg3 0-0-0 12. c3 Bd6 13. f4 h6 14. Nf3 Ne4 15. Bh2 Be7 16. Qc2 Qe8 17. 0-0-0 g5 18. Ne5 Nxe5 19. dxe5 Nc5 20. f5 Qf7 21. Rhf1 Qg8 22. c4 c6 23. cxd5 exd5 24. Kb1 Qh7 25. b4 Nd7 26. Bxd5 Bxb4 27. Bxc6 Nc5 28. Bg2 Qg8 29. Rd4 Ba3 30. Qc3 Qf8 31. Qxa3 Rxd4 32. exd4 Nd7 33. Rc1+ Kd8 34. Qxf8+ Rxf8 35. Bxb7 1-0

[Event "Niteroi op 1st"]
[Site "Niteroi"]
[Date "2019.09.04"]
[Round "1"]
[White "Santos Filho, Tadeu Souza"]
[Black "De Amorim, Walter Rymundo"]
[Result "1-0"]
[WhiteElo "2041"]
[BlackElo "1480"]
[PlyCount "36"]
[EventDate "2019.09.04"]
[EventType "swiss"]
[EventRounds "7"]
[EventCountry "BRA"]
[SourceTitle "EXT 2020"]
[Source "ChessBase"]
[SourceDate "2019.10.17"]
[SourceVersion "1"]
[SourceVersionDate "2019.10.17"]
[SourceQuality "1"]

1. e4 b6 2. c4 e5 3. Nc3 Nf6 4. g4 Be7 5. Bg2 c6 6. Nge2 Bb7 7. 0-0 0-0 8. d4 exd4 9. Nxd4 d6 10. Nf5 Re8 11. Bf4 Ba6 12. Qa4 Bc8 13. Nxd6 Bxd6 14. Rad1 Re6 15. Bh3 Nh5 16. g5 Nxf4 17. Bxe6 a6 18. Bxc8 Nh3+ 1-0

[Event "Rio de Janeiro Andrade Memorial 3rd"]
[Site "Rio de Janeiro"]
[Date "2019.08.17"]
[Round "3"]
[White "Mendes Domingues, Ribeiro Matheus"]
[Black "Santos Filho, Tadeu Souza"]
[Result "1-0"]
[WhiteElo "1884"]
[BlackElo "2055"]
[PlyCount "95"]
[EventDate "2019.08.10"]
[EventType "swiss"]
[EventRounds "6"]
[EventCountry "BRA"]
[SourceTitle "EXT 2021"]
[Source "ChessBase"]
[SourceDate "2020.10.23"]
[SourceVersion "1"]
[SourceVersionDate "2020.10.23"]
[SourceQuality "1"]

1. c4 e6 2. Nf3 d5 3. e3 Nf6 4. Nc3 Nbd7 5. d4 c6 6. Bd3 dxc4 7. Bxc4 b5 8. Bd3 Bb7 9. 0-0 Bd6 10. e4 e5 11. d5 b4 12. dxc6 Bxc6 13. Bb5 Qc7 14. Bxc6 Qxc6 15. Nd5 Nxe4 16. Be3 0-0 17. Rc1 Qb7 18. Ng5 Nxg5 19. Bxg5 Bc5 20. Qf3 Qb5 21. Nc7 Qb8 22. Nxa8 Qxa8 23. Qxa8 Rxa8 24. Rfd1 Bd4 25. Be3 Bxe3 26. fxe3 Nf6 27. Rc7 Ng4 28. Rxa7 Re8 29. Re7 Kf8 30. Rxe8+ Kxe8 31. h3 Nxe3 32. Re1 Nc4 33. b3 Nd6 34. Rxe5+ Kd7 35. Kf2 g6 36. Ra5 Kc6 37. Ke3 Nb5 38. Ra8 h5 39. Kd3 Nd6 40. Ra6+ Kc5 41. Rxd6 Kxd6 42. Kc4 f5 43. Kxb4 h4 44. Kc4 g5 45. Kd4 g4 46. hxg4 fxg4 47. Ke4 g3 48. Kf4 1-0

[Event "Rio de Janeiro Andrade Memorial 3rd"]
[Site "Rio de Janeiro"]
[Date "2019.08.10"]
[Round "2"]
[White "Santos Filho, Tadeu Souza"]
[Black "Fernandes, Felipe Gambini"]
[Result "1/2-1/2"]
[WhiteElo "2055"]
[BlackElo "1887"]
[PlyCount "115"]
[EventDate "2019.08.10"]
[EventType "swiss"]
[EventRounds "6"]
[EventCountry "BRA"]
[SourceTitle "EXT 2021"]
[Source "ChessBase"]
[SourceDate "2020.10.23"]
[SourceVersion "1"]
[SourceVersionDate "2020.10.23"]
[SourceQuality "1"]

1. e4 c6 2. d4 d5 3. e5 c5 4. dxc5 Nc6 5. a3 e6 6. b4 Nxe5 7. Bb2 Nd7 8. Nf3 Ngf6 9. Bd3 Be7 10. 0-0 Qc7 11. Re1 0-0 12. Nbd2 b6 13. cxb6 axb6 14. Rc1 Bb7 15. c4 dxc4 16. Nxc4 Qf4 17. Nce5 Nxe5 18. Nxe5 Rac8 19. g3 Qh6 20. Rxc8 Rxc8 21. Bc1 Qh3 22. f3 Nd5 23. Bb2 Bg5 24. Bd4 h5 25. Qe2 h4 26. Qg2 Qxg2+ 27. Kxg2 hxg3 28. hxg3 Bc1 29. Nc4 Bg5 30. Nd6 Rc7 31. Nxb7 Rxb7 32. f4 Bxf4 33. Be4 Bg5 34. Bxd5 exd5 35. Re5 Bc1 36. Rxd5 Bxa3 37. Rb5 Rd7 38. Bxb6 Rb7 39. Ra5 Rxb6 40. Rxa3 Rxb4 41. Kh3 Kh7 42. Ra7 f6 43. Rf7 Kg6 44. Ra7 f5 45. Ra3 Kg5 46. Rc3 g6 47. Ra3 Kh5 48. Ra2 Rb3 49. Kg2 g5 50. Rc2 Kg4 51. Rc4+ f4 52. gxf4 gxf4 53. Rc2 Rg3+ 54. Kf2 Rh3 55. Kg1 Rf3 56. Ra2 Rb3 57. Kf2 Rh3 58. Kg2 1/2-1/2

[Event "American Continental 15th"]
[Site "Sao Paulo"]
[Date "2019.07.13"]
[Round "11"]
[White "Fiaes, Mario Henrique"]
[Black "Santos Filho, Tadeu Souza"]
[Result "0-1"]
[WhiteElo "2173"]
[BlackElo "2057"]
[PlyCount "106"]
[EventDate "2019.07.05"]
[EventType "swiss"]
[EventRounds "11"]
[EventCountry "BRA"]
[SourceTitle "CBM 191 Extra"]
[Source "ChessBase"]
[SourceDate "2019.09.30"]
[SourceVersion "1"]
[SourceVersionDate "2019.09.30"]
[SourceQuality "1"]

1. d4 d5 2. c4 e6 3. Nc3 Nf6 4. Nf3 c6 5. Bg5 Nbd7 6. cxd5 exd5 7. e3 Be7 8. Qc2 Nh5 9. Bxe7 Qxe7 10. Be2 g6 11. 0-0 0-0 12. Rab1 a5 13. Rfc1 Ng7 14. Bd3 Nb6 15. Qb3 Qd8 16. Na4 Nxa4 17. Qxa4 Bf5 18. Rc3 Bxd3 19. Rxd3 Nf5 20. Re1 Nd6 21. Qb3 Re8 22. Qc2 Qe7 23. Rb3 Kg7 24. Qc5 f6 25. Nd2 Kf7 26. Rb6 Reb8 27. g3 Qd7 28. Rb3 Ra6 29. Qc2 Re8 30. Rc3 Raa8 31. Nb3 Re7 32. Nc5 Qc8 33. Na4 Qh3 34. Nc5 Rae8 35. Qe2 h5 36. Qf1 Qf5 37. Rcc1 h4 38. Qg2 hxg3 39. hxg3 Rh8 40. Re2 g5 41. Rce1 Rhe8 42. f3 g4 43. fxg4 Qxg4 44. Qf2 Rg8 45. Kg2 Nf5 46. Rh1 Qxg3+ 47. Qxg3 Rxg3+ 48. Kf2 Rg8 49. Rh3 Rge8 50. Rh7+ Ng7 51. Kf3 Kg6 52. Rh3 Kf7 53. Rh7 Kg8 0-1

[Event "American Continental 15th"]
[Site "Sao Paulo"]
[Date "2019.07.06"]
[Round "2"]
[White "Santos Filho, Tadeu Souza"]
[Black "Borensztajn, David"]
[Result "1-0"]
[WhiteElo "2057"]
[BlackElo "1777"]
[PlyCount "117"]
[EventDate "2019.07.05"]
[EventType "swiss"]
[EventRounds "11"]
[EventCountry "BRA"]
[SourceTitle "CBM 191 Extra"]
[Source "ChessBase"]
[SourceDate "2019.09.30"]
[SourceVersion "1"]
[SourceVersionDate "2019.09.30"]
[SourceQuality "1"]

1. e4 c5 2. Nc3 Nc6 3. Bb5 Nd4 4. Bc4 d6 5. Nge2 Nf6 6. d3 g6 7. Nxd4 cxd4 8. Ne2 Qb6 9. 0-0 Bg7 10. h3 0-0 11. Kh1 Bd7 12. Bb3 Rac8 13. f4 Qc5 14. Ng3 Kh8 15. Rf2 Bh6 16. f5 Bxc1 17. Qxc1 Qe5 18. Qf4 g5 19. Qf3 Bc6 20. Nh5 Nxh5 21. Qxh5 f6 22. Bf7 Rxf7 23. Qxf7 d5 24. Qe6 Qxe6 25. fxe6 dxe4 26. dxe4 Bxe4 27. Rd1 d3 28. cxd3 Bd5 29. Re2 Kg7 30. Kg1 a6 31. b3 Rc6 32. Rde1 Rc3 33. Re3 Rc2 34. R1e2 Rc3 35. Kf2 Bc6 36. Ke1 Bd5 37. Kd2 Rc6 38. g3 h5 39. Re1 Rd6 40. Kc3 Rb6 41. R3e2 Rb5 42. Rf2 Rb6 43. Rfe2 Kg6 44. Kd4 Rd6 45. Kc5 Bc6 46. Rf2 Kg7 47. a4 Rd5+ 48. Kc4 Rd6 49. Rf5 Kg6 50. g4 h4 51. d4 b5+ 52. axb5 Bxb5+ 53. Kc5 Rc6+ 54. Kb4 Rd6 55. d5 Kg7 56. Kc5 Be8 57. Rf2 Bb5 58. Rc1 Kf8 59. Rxf6+ 1-0

[Event "Rio de Janeiro Fexerj op"]
[Site "Rio de Janeiro"]
[Date "2019.06.02"]
[Round "4"]
[White "Fernandes, Felipe Gambini"]
[Black "Santos Filho, Tadeu Souza"]
[Result "1-0"]
[WhiteElo "1801"]
[BlackElo "2088"]
[PlyCount "105"]
[EventDate "2019.06.01"]
[EventType "swiss"]
[EventRounds "6"]
[EventCountry "BRA"]
[SourceTitle "CBM 190 Extra"]
[Source "ChessBase"]
[SourceDate "2019.07.15"]
[SourceVersion "1"]
[SourceVersionDate "2019.07.15"]
[SourceQuality "1"]

1. d4 Nf6 2. c4 g6 3. Nc3 Bg7 4. Nf3 d6 5. h3 0-0 6. Bf4 Nbd7 7. e3 c5 8. Be2 b6 9. 0-0 Bb7 10. Bh2 h6 11. Qd2 Rc8 12. Rac1 Qc7 13. d5 Nh7 14. e4 a6 15. a4 Ne5 16. Nxe5 dxe5 17. f4 h5 18. f5 Kh8 19. fxg6 fxg6 20. g4 Bf6 21. Rcd1 Bg5 22. Qd3 Rxf1+ 23. Rxf1 h4 24. Nb1 Kg8 25. Nd2 Bf4 26. Nf3 g5 27. Bxf4 exf4 28. e5 Kh8 29. Qg6 Rg8 30. Qh6 Rg7 31. Bd3 Kg8 32. Bxh7+ Rxh7 33. Qxg5+ Rg7 34. Qxf4 Rf7 35. Qg5+ Rg7 36. Qxh4 b5 37. axb5 axb5 38. b3 bxc4 39. bxc4 Ba6 40. g5 e6 41. Qg4 Bc8 42. d6 Qc6 43. h4 Rf7 44. Kg2 Rf5 45. Kg3 Bb7 46. h5 Qa4 47. h6 Bc6 48. Qh5 Be8 49. Qg4 Qb3 50. g6 Qb7 51. h7+ Kh8 52. Rh1 Bc6 53. g7+ 1-0

[Event "Florianopolis op 5th"]
[Site "Florianopolis"]
[Date "2019.01.26"]
[Round "8"]
[White "Santos Filho, Tadeu Souza"]
[Black "Teixeira, Ricardo da Silva"]
[Result "0-1"]
[WhiteElo "2086"]
[BlackElo "2228"]
[PlyCount "82"]
[EventDate "2019.01.21"]
[EventType "swiss"]
[EventRounds "10"]
[EventCountry "BRA"]
[SourceTitle "CBM 188 Extra"]
[Source "ChessBase"]
[SourceDate "2019.02.26"]
[SourceVersion "1"]
[SourceVersionDate "2019.02.26"]
[SourceQuality "1"]

1. e4 e6 2. d4 d5 3. exd5 exd5 4. Nf3 Nf6 5. Qe2+ Be7 6. Nc3 0-0 7. Ne5 Re8 8. Be3 c5 9. 0-0-0 cxd4 10. Rxd4 Bc5 11. Nxf7 Kxf7 12. Rxd5 Bxe3+ 13. fxe3 Qe7 14. Rd3 Nbd7 15. e4 Kg8 16. h3 Ne5 17. Rd4 Be6 18. g4 Qc5 19. Qd1 Nc6 20. Ra4 Red8 21. Qe1 Nd7 22. Nb5 Nb6 23. Ra3 Bc4 24. Nc3 Bxf1 25. Rxf1 Nc4 26. Rb3 Qg5+ 27. Kb1 Nd2+ 28. Ka1 Nxb3+ 29. cxb3 Nb4 30. Qe2 Rac8 31. a3 Nd3 32. h4 Qe7 33. g5 Rxc3 34. bxc3 Qxa3+ 35. Qa2 Qxa2+ 36. Kxa2 Nc5 37. Re1 Re8 38. e5 Nd3 39. Rd1 Nxe5 40. Rd5 Kf7 41. h5 Ke6 0-1

[Event "Florianopolis op 5th"]
[Site "Florianopolis"]
[Date "2019.01.23"]
[Round "4"]
[White "Santos Filho, Tadeu Souza"]
[Black "Cardozo, Matheus Santos"]
[Result "1-0"]
[WhiteElo "2086"]
[BlackElo "1869"]
[PlyCount "131"]
[EventDate "2019.01.21"]
[EventType "swiss"]
[EventRounds "10"]
[EventCountry "BRA"]
[SourceTitle "CBM 188 Extra"]
[Source "ChessBase"]
[SourceDate "2019.02.26"]
[SourceVersion "1"]
[SourceVersionDate "2019.02.26"]
[SourceQuality "1"]

1. e4 c5 2. Nf3 d6 3. d4 cxd4 4. Nxd4 Nf6 5. f3 g6 6. c4 Bg7 7. Be3 0-0 8. Qd2 Nc6 9. Nc3 Bd7 10. Nc2 Qa5 11. Be2 Rfc8 12. 0-0 Ne5 13. b4 Qc7 14. Na3 a6 15. Rfc1 b6 16. Rab1 Be6 17. Na4 Ned7 18. Bf1 Qd8 19. Nc3 h5 20. Ne2 Ne5 21. Nd4 Bd7 22. Rc2 Ba4 23. Nb3 Bxb3 24. axb3 Ned7 25. Rbc1 Kh7 26. Nb1 a5 27. Nc3 axb4 28. Na4 Nc5 29. Qxb4 Ra6 30. Nc3 Nfd7 31. Rb1 Ne5 32. Nb5 Rca8 33. Qd2 Ra1 34. Rcc1 R1a2 35. Qd1 Nc6 36. b4 Ne6 37. f4 Bh6 38. g3 R2a4 39. Qd2 Ra2 40. Qd5 Nb8 41. Bh3 Nd7 42. Qd1 Nf6 43. Nc3 R2a3 44. Qe2 Nd7 45. Bg2 R8a6 46. h3 Bg7 47. Qd3 Kg8 48. Kh1 Kh7 49. Qd2 Bh6 50. Bf3 Bg7 51. Nd5 Ra2 52. Rc2 Ra1 53. Rxa1 Rxa1+ 54. Kg2 Nf6 55. Nxb6 Qb8 56. f5 Nc7 57. Qd3 Bh6 58. Bf2 Na6 59. Qc3 Rb1 60. Rb2 Rc1 61. Qd3 Kg7 62. Rb1 Rxb1 63. Qxb1 Qc7 64. Qb3 Qb8 65. fxg6 fxg6 66. Nd5 1-0

[Event "Rio de Janeiro Duchamp op 2nd"]
[Site "Rio de Janeiro"]
[Date "2018.11.20"]
[Round "9"]
[White "Lebredo Zaragoitia, Gerardo"]
[Black "Santos Filho, Tadeu Souza"]
[Result "1/2-1/2"]
[WhiteElo "2139"]
[BlackElo "2078"]
[PlyCount "27"]
[EventDate "2018.11.14"]
[EventType "swiss"]
[EventRounds "9"]
[EventCountry "BRA"]
[SourceTitle "CBM 187 Extra"]
[Source "ChessBase"]
[SourceDate "2018.11.04"]
[SourceVersion "1"]
[SourceVersionDate "2018.11.04"]
[SourceQuality "1"]

1. d4 Nf6 2. c4 g6 3. Nc3 Bg7 4. Nf3 d6 5. Bg5 h6 6. Bh4 0-0 7. e3 c5 8. d5 g5 9. Bg3 Nh5 10. Nd2 Nxg3 11. hxg3 f5 12. Qc2 Na6 13. Nf3 Bd7 14. Be2 1/2-1/2

[Event "Rio de Janeiro Duchamp op 2nd"]
[Site "Rio de Janeiro"]
[Date "2018.11.19"]
[Round "8"]
[White "Santos Filho, Tadeu Souza"]
[Black "Rocha, Vitor Firmo de Souz"]
[Result "0-1"]
[WhiteElo "2078"]
[BlackElo "2174"]
[PlyCount "76"]
[EventDate "2018.11.14"]
[EventType "swiss"]
[EventRounds "9"]
[EventCountry "BRA"]
[SourceTitle "CBM 187 Extra"]
[Source "ChessBase"]
[SourceDate "2018.11.04"]
[SourceVersion "1"]
[SourceVersionDate "2018.11.04"]
[SourceQuality "1"]

1. e4 c5 2. Nf3 e6 3. d3 Nc6 4. g3 d5 5. Nbd2 Nf6 6. Bg2 g6 7. 0-0 Bg7 8. c3 0-0 9. e5 Ng4 10. d4 cxd4 11. cxd4 f6 12. h3 Nh6 13. exf6 Rxf6 14. Nb3 Qb6 15. g4 Rf8 16. Be3 Nf7 17. Qc1 Bd7 18. Qc5 Rac8 19. Qxb6 axb6 20. a3 Nd6 21. Bd2 Nb5 22. Be3 Nd6 23. Bd2 Nc4 24. Bc3 Rf4 25. Rad1 Na7 26. Rc1 Nb5 27. Ne5 Nxe5 28. dxe5 Nxc3 29. bxc3 Bxe5 30. Nd2 Rxc3 31. Rxc3 Bxc3 32. Nf3 Ra4 33. Rb1 Rxa3 34. Rxb6 Bc6 35. h4 h6 36. g5 h5 37. Kh2 e5 38. Bh3 Ba5 0-1

[Event "Rio de Janeiro Duchamp op 2nd"]
[Site "Rio de Janeiro"]
[Date "2018.11.17"]
[Round "5"]
[White "Brito, Luismar Jorge"]
[Black "Santos Filho, Tadeu Souza"]
[Result "1/2-1/2"]
[WhiteElo "2349"]
[BlackElo "2078"]
[PlyCount "70"]
[EventDate "2018.11.14"]
[EventType "swiss"]
[EventRounds "9"]
[EventCountry "BRA"]
[SourceTitle "CBM 187 Extra"]
[Source "ChessBase"]
[SourceDate "2018.11.04"]
[SourceVersion "1"]
[SourceVersionDate "2018.11.04"]
[SourceQuality "1"]

1. b3 e5 2. Bb2 Nc6 3. e3 Nf6 4. c4 d6 5. Be2 g6 6. d3 Bg7 7. Nc3 0-0 8. Bf3 a6 9. Nge2 Rb8 10. Rc1 Bd7 11. a3 Ne7 12. d4 exd4 13. Nxd4 Nc6 14. h3 Re8 15. 0-0 Ne5 16. Be2 Qc8 17. Kh2 Nc6 18. Nd5 Qd8 19. b4 Ne4 20. Bf3 Ng5 21. Bg4 f5 22. Be2 Ne4 23. Nxc6 bxc6 24. Bxg7 Kxg7 25. Qd4+ Kf7 26. Nf4 Qf6 27. Qa7 Rec8 28. f3 Nd2 29. Rfd1 Nb3 30. Rb1 Ra8 31. Qb7 Rab8 32. Qxa6 Ra8 33. Qb7 Rab8 34. Qa6 Ra8 35. Qb7 Rab8 1/2-1/2